| 000 | 00912 a2200229 4500 | ||
|---|---|---|---|
| 005 | 20080829123610.0 | ||
| 008 | 080829t xxu||||| |||| 00| 0 eng d | ||
| 010 | _aENG-87412 | ||
| 020 |
_a8131302606 _c595.00 |
||
| 035 | _aEN-70945 | ||
| 037 | _bD.B.Act / Pub | ||
| 082 | _a001.4226 | ||
| 100 | _aSingh, Y. K. | ||
| 245 |
_aResearch methodology data presentation _cby Y. K. Singh and R. B. Bajpai |
||
| 260 |
_aNew Delhi _bA. P. H. Publishing _c2007 |
||
| 270 |
_a4435-36/7, Ansari Road, Darya Ganj _bNew Delhi _e110002 _k011-23274050 _m aphbooks@vsnl.net |
||
| 300 |
_ax, 246 p. _c21 cm. (Hb). |
||
| 500 | _aIncludes bibliographical references | ||
| 700 | _aBajpai, R. B. | ||
| 942 |
_adpl _cEN _k001.4226 / SIN _2ddc _h001.4226 _mSIN |
||
| 999 |
_c6517 _d6517 |
||